00633nam a2200193Ia 4500008004100000020001400041082001600055100002100071245004800092250000800140260004500148300002800193500000700221600002100228650005000249942000700299952011800306999001500424240925s9999 xx 000 0 und d a130824518 a005.450 IRV aIrvine , Kip . R 0aAssembly Language For Intel-Based Computers a3rd aNew Jersey:bPrintice- Hall Int.c,1999. axxiv,676p.bNAfPirated aNA aComputer Science aComputer science, information & general works cBK 011040708CSaUITUbUITUd2003-01-28eF.B.Cg395.00l0o005.450 IRVpQ4879r2024-09-25 07:13:39w2024-09-25yBK c7378d7378